| 000 | 01298nam a2200385 i 4500 | ||
|---|---|---|---|
| 001 | 53441 | ||
| 003 | ES-MaCES | ||
| 005 | 20251115040006.0 | ||
| 008 | 241128s2024 sp 000 | spa d | ||
| 017 |
_aV 702-2024 _bDL |
||
| 020 | _a9788410564466 | ||
| 040 |
_aES-MaCES _bspa _cES-MaCES |
||
| 041 | 0 | _aita | |
| 100 | 1 |
_941238 _aRamón Fernández, Francisca |
|
| 245 | 1 | 3 |
_aLa vivienda colaborativa o "cohousing" _b: su oportunidad como nueva forma de habitar _cFrancisca Tamón Fernández |
| 260 |
_aValencia _bTirant lo Blanch _c2024 |
||
| 300 |
_a237p. _c22 cm |
||
| 490 | 1 | _aTirant monografías. Alta calidad en investigación jurídica | |
| 504 | _aBibliografía, referencias legislativas y jurisprudenciales: p. 209-237 | ||
| 541 | 0 | _cCompra | |
| 650 | 4 |
_avivienda _928598 |
|
| 650 | 4 |
_aeconomía colaborativa _937923 |
|
| 650 | 4 |
_anecesidades de vivienda _928600 |
|
| 650 | 4 |
_apolítica de vivienda _929419 |
|
| 650 | 4 |
_aplan nacional _927018 |
|
| 650 | 4 |
_a2022-2025 _941239 |
|
| 650 | 4 |
_aEspaña _926964 |
|
| 650 | 4 |
_aComunidades Autónomas _930768 |
|
| 650 | 4 |
_alegislación _927153 |
|
| 650 | 4 |
_arégimen jurídico _929894 |
|
| 653 | 1 | 0 | _aVivienda-Construcción-Urbanismo |
| 830 | 0 |
_aTirant monografías _932480 |
|
| 902 | _aLIB Libro | ||
| 942 |
_2CES _cBK _h5.2. |
||
| 999 |
_c53441 _d53441 |
||